000 00719nam a2200289Ia 4500
005 20260324124611.0
008 008 260324s9999 xx 000 0 eng d
020 _a9781315588438
037 _aEBOOK
040 _aCRL
040 _beng
040 _cCRL
041 _2eng
041 _aeng
084 _qCRL
100 _aRachel Xiang Feng; Alexander H.J. Otgaar; Leo van den Berg
_91174782
245 0 _aIndustrial Tourism
245 0 _bOpportunities for City and Enterprise
260 _bTaylor and Francis
260 _c2010
365 _a
365 _b240
856 _uhttp://www.taylorfrancis.com/books/9781315588438
942 _cEBOOK
999 _c1769294
_d1769294